000 004280000a22001810004500
003 MACL
005 20150901134552.0
008 150901b xxu||||| |||| 00| 0 eng d
040 _aMACL
_cMACL
041 _aEnglish
082 _a800
100 _aGhandhi, M K
_98266
245 _aTo My Countrymen
260 _bGandhi Peace Foundation
_c1972
_aNew Delhi
350 _a2
650 _aLiterature
_98267
942 _cBK
_k800
_2ddc
999 _c5626
_d5626